The information revolution in military affairs in Asia

The contributors to this volume seek to explore the multi-dimensional--institutional, cultural, technological, and political--environments of several Asian states to determine the amenability of those host environments for the adoption and adaptation of the Revolution in Military Affairs (RMA). Usin...

Celý popis

Uloženo v:
Podrobná bibliografie
Hlavní autor: Goldman, Emily O.
Médium: Kniha
Jazyk:Undetermined
Vydáno: New York, N.Y. Palgrave Macmillan 2004
Témata:
Tagy: Přidat tag
Žádné tagy, Buďte první, kdo otaguje tento záznam!
Thư viện lưu trữ: Trung tâm Học liệu Trường Đại học Cần Thơ
LEADER 01338nam a2200241Ia 4500
001 CTU_116487
008 210402s9999 xx 000 0 und d
020 |c 902000 
082 |a 355.03305 
082 |b G618 
100 |a Goldman, Emily O. 
245 4 |a The information revolution in military affairs in Asia 
245 0 |c Edited by Emily O. Goldman, Thomas G. Mahnken 
260 |a New York, N.Y. 
260 |b Palgrave Macmillan 
260 |c 2004 
520 |a The contributors to this volume seek to explore the multi-dimensional--institutional, cultural, technological, and political--environments of several Asian states to determine the amenability of those host environments for the adoption and adaptation of the Revolution in Military Affairs (RMA). Using a "diffusion diagnostics" model, the book explores how these countries are trying to address, adapt, and leverage new information technologies to improve and strengthen their militaries. 
650 |a Information warfare,Information warfare,Military art and science,Military art and science,World politics,East Asia,Australia 
650 |x History,History,Defenses,Defenses 
650 |y 21st century,21st century,1995-2005 
650 |z East Asia,Australia,East Asia,Australia 
904 |i Hiếu 
980 |a Trung tâm Học liệu Trường Đại học Cần Thơ